Rozpoznaj układy po narządach - Statystyki

Ogólne statystyki
  • Ten quiz został rozwiązany 19 razy
  • Średni wynik to 5 z 8
Statystyki odpowiedzi
Narządy Układy % Poprawnych
płuca * tchawica * krtań układ oddechowy
94%
mózg * rdzeń kręgowy * nerwy układ nerwowy
88%
żołądek * jelito * wątroba układ pokarmowy
88%
serce * tętnice * żyły układ krwionośny
82%
nerki * moczowody * pęcherz układ wydalniczy
41%
prącie * jądra * nasieniowody układ rozrodczy męski
35%
jajniki * macica * jajowody układ rozrodczy żeński
35%
kości * mięśnie szkieletowe * stawy układ ruchu
18%
Nie znaleziono quizów pasujących do podanych kryteriów
Rozkład punktacji
Procent ludzi z każdym wynikiem
Percentyl według liczby udzielonych odpowiedzi
Twoja historia wyników
Nie rozwiązałeś tego quizu